00494 2200193 4500001002100000005001500021008004100036020001700077035001900094041000700113082001400120090001400134100002000148245004700168250000600215260003400221300002400255650002100279INLIS00000000002190320241224131148241224||||||||| | ||| |||| || |  a979-9055-1-2 0010-1224021903 aid0 a340 SOE p a340 SOE p0 aWartini Soegeng00aPengukuran Kapal Indonesia ( Aspek Hukum ) a1 aBandungbRefika Aditamac2000 axi, 151 hlm.; 24 cm 0aIlmu-ilmu Sosial